000 00625nam a2200193Ia 4500
003 GCL
008 140319s9999 xx 000 0 ara d
040 _aGCL /
_cGCL
082 0 4 _a347
_bم ج
100 1 _aمحمد كامل ابراهيم
245 1 0 _aالجوانب العملية لحق الدفاع امام القضاء الجنائى /
_cمحمد كامل ابراهيم
260 _a[S.N] :
_bالمكتبة القانونية ،
_c1989
300 _a55 ص
490 _a
650 0 4 _aالقانون
650 0 4 _aقانون المرافعات
650 0 4 _aالدفاع عن المتهم
942 _2ddc
_cBK
999 _c29016
_d29016